What do I do next? : a manual for people just entering government service /

Saved in:
Bibliographic Details
Main Author: Jones, Warren W.
Other Authors: Solnit, Albert
Format: Book
Language:English
Published: Washington, D.C. : Chicago, Ill. : Planners Press ; Order from American Planning Association, c1980.
Subjects:
LEADER 01092nam a2200265 a 4500
001 c000006989
003 CARM
005 00000000000000.0
008 s1980 dcua b 00010 eng
010 |a 80067754 //r93 
019 1 |a 2411643  |5 LACONCORD2021 
020 |a 0918286204 (pbk.) 
035 |a (OCoLC)7231580  |5 LACONCORD2021 
050 0 0 |a JF1601  |b .J66 1980 
082 0 0 |a 350.6/023  |2 19 
100 1 |a Jones, Warren W. 
245 1 0 |a What do I do next? :  |b a manual for people just entering government service /  |c Warren W. Jones and Albert Solnit ; cartoons by Richard Hedman. 
260 |a Washington, D.C. :  |b Planners Press ;  |a Chicago, Ill. :  |b Order from American Planning Association,  |c c1980. 
300 |a xii, 116 p. :  |b ill. ;  |c 23 cm. 
504 |a Bibliography: p. 115-116. 
650 0 |a Civil service positions. 
700 1 |a Solnit, Albert. 
852 8 |b CARM  |h A2:AE38C0  |i B00852  |p 0046765  |f BK 
999 f f |i db0a90e6-4a90-5244-a73b-1482702ab0cb  |s 6171cc2f-3904-5531-bdae-095034b50e03 
952 f f |p Can circulate  |a CAVAL  |b CAVAL  |c CAVAL  |d CARM 1 Store  |e B00852  |f A2:AE38C0  |h Other scheme  |i book  |m 0046765